| 000 | 00859 a2200205 4500 | ||
|---|---|---|---|
| 005 | 20080924172047.0 | ||
| 008 | 080924t xxu||||| |||| 00| 0 eng d | ||
| 010 | _aENG-87875 | ||
| 020 |
_a8180545962 _c200.00 |
||
| 035 | _aEN-71408 | ||
| 037 | _bDBAD / PUB | ||
| 082 | _a340.112 | ||
| 100 | _aKapoor, N.D. | ||
| 245 |
_aLaw, ethics and communication: _cby N.D. Kapoor _bfor professional competence course of the Institute of Chartered Accountants of India/ |
||
| 260 |
_aNew Delhi _bSultan Chand & Sons _c2007 |
||
| 270 |
_a23, Darya Ganj, _bNew Delhi _e110 002 |
||
| 300 |
_aV.1 ( various pagings); _c22cm (pbk ) |
||
| 942 |
_adpl _cEN _k340.112 / KAP _2ddc _h340.112 _mKAP |
||
| 999 |
_c7234 _d7234 |
||